| 000 | 00632nam a2200217 i 4500 | ||
|---|---|---|---|
| 001 | 133680 | ||
| 003 | ES-MaACL | ||
| 005 | 20230906194510.0 | ||
| 007 | t| | ||
| 008 | 070824s1957 sp |||| | spa d | ||
| 100 | 1 |
_aMalaparte, Curzio. _975687 |
|
| 245 | 1 | 0 |
_aSodoma y Gomorra / _cCurzio Malaparte [seud.] ; [versión española de Eduardo Bittini]. |
| 250 | _a1ª ed. | ||
| 260 |
_aBarcelona : _bLuis de Caralt, _c1957. |
||
| 300 |
_a231 p. ; _c20 cm. |
||
| 490 | 1 | _aLa torre de marfil | |
| 700 | 1 |
_aBittini, Eduardo. _929030 |
|
| 830 | 0 |
_aLa torre de marfil _9181375 |
|
| 852 |
_aES-MaACL _jC-14864 |
||
| 999 |
_c133680 _d133680 |
||